| 000 | 02076 a2200373 4500 | ||
|---|---|---|---|
| 003 | OSt | ||
| 005 | 20201007141319.0 | ||
| 008 | 160517s2016 ck ||||fr|||| 000 0 spa d | ||
| 020 | _a9789587631739 | ||
| 040 |
_aCO-BoUCM _bspa _cCO-JMCR |
||
| 041 | 0 | _aspa | |
| 082 | 0 | 4 |
_a149 / _bF715r _220 |
| 100 |
_aForero Mora, José Andrés, _eautor _9581 |
||
| 245 | 0 | 0 |
_aRacionalidad, lenguaje y accin̤ _baproximaciones analt̕icas _cJosé Andrés Forero Mora, Schumann Javier Andrade Uribe, Tomas Andres Barrero Guzman [y otros 5] |
| 260 |
_bUniminuto _c2016 _aBogotá (Colombia) |
||
| 300 |
_a195 páginas ; _c23 cm |
||
| 490 | _aProblemas de filosofía contemporánea | ||
| 504 | _aIncluye referencias bibliográficas páginas 193-195. | ||
| 505 | _aPluralidad del análisis filosófico / José Andés Forero Mora -- Racionalidad animal. un debate psicológico en perspectiva hermenéutica / Miguel Ángel Pérez Jiménez -- Autoconocimiento, autoconciencia y autoridad de primera persona. Un análisis conceptual / José Andres Forero Mora -- Intención, lenguaje y conocimiento práctico / Tomás Andrés Barrero Guzmán -- Contradicciones y racionalidad: Susana y los viejos jueces y la resurrección de Jesús, un estudio de casos / Susana Goméz Gutiérrez -- H. Putman y Ch. Peirce: Sobre la bondad de la racionalidad / Andersson Mina Vargas -- | ||
| 650 | 7 |
_975 _aFilosofa̕ _xAspectos sociales |
|
| 650 | 7 |
_921256 _aPensamiento _xFilosofa̕ |
|
| 650 | 7 |
_98940 _aAnl̀isis _xFilosofa̕ |
|
| 650 | 7 |
_915796 _aFilosofa̕ del lenguaje |
|
| 650 | 7 |
_923022 _aRacionalismo |
|
| 690 | 0 |
_aFilosofa̕ _975 |
|
| 700 | 1 |
_aAndrade Uribe, Shumann Javier _eautor _977242 |
|
| 700 | 1 |
_aBarrero Guzmán, Tomás Andrés _eautor _977243 |
|
| 700 | 1 |
_aForero Mora, José Andrés, _977244 |
|
| 700 | 1 |
_aGiraldo Ceballos, Laura Ivonne, _eautor _977245 |
|
| 700 | 1 |
_aGómez Gutiérrez, Sussana, _eautora _977246 |
|
| 700 | 1 |
_aMina Vargas, Andersson, _977247 |
|
| 700 | 1 |
_aPérez Jiménez, Miguel Ángel, _eautor _944202 |
|
| 942 |
_cBK _a2 _e1 _h149.1 _mR121le _2ddc |
||
| 999 |
_c6520 _d6520 |
||